[Event "St Petersburg Botvinnik Memorial op"]
[Site "St Petersburg"]
[Date "2012.08.25"]
[Round "1"]
[White "Suslova, Alena"]
[Black "Matlakov, Maxim"]
[Result "0-1"]
[WhiteElo "2196"]
[BlackElo "2663"]
[PlyCount "94"]
[EventDate "2012.08.25"]
[EventType "swiss"]
[EventRounds "9"]
[EventCountry "RUS"]
[SourceTitle "CBM 150 Extra"]
[Source "ChessBase"]
[SourceDate "2012.10.19"]
[SourceVersion "1"]
[SourceVersionDate "2012.10.19"]
[SourceQuality "1"]

1. c4 g6 2. g3 Bg7 3. Bg2 e5 4. Nc3 d6 5. e4 Nc6 6. Nge2 f5 7. d3 Nf6 8. 0-0 0-0 9. f4 fxe4 10. dxe4 exf4 11. gxf4 Be6 12. Nd5 Qd7 13. Qd3 Bg4 14. Nec3 Nxd5 15. cxd5 Nb4 16. Qg3 c6 17. dxc6 bxc6 18. Rf2 c5 19. e5 Bf5 20. Bxa8 Rxa8 21. Rd2 Qb7 22. Rxd6 Nc2 23. Rb1 Bf8 24. Rd1 Nd4 25. Qg2 Qc8 26. Be3 Bxb1 27. Rxb1 Rb8 28. Rd1 Qf5 29. b3 Kh8 30. Kh1 Qh5 31. Bxd4 cxd4 32. Rxd4 Rc8 33. Rd3 Qf5 34. Qd2 Be7 35. Kg2 g5 36. Nd5 Qe4+ 37. Kf2 Bc5+ 38. Kf1 gxf4 39. Nxf4 Bb6 40. Rd6 Rc1+ 41. Qxc1 Qh1+ 42. Ke2 Qxc1 43. Nd3 Qe3+ 44. Kd1 Bd4 45. Rd8+ Kg7 46. Nb4 Qf3+ 47. Kc2 Qc3+ 0-1

[Event "Moscow op (Women)"]
[Site "Moscow"]
[Date "2012.02.05"]
[Round "9"]
[White "Zherebtsova, Alexandra"]
[Black "Suslova, Alena"]
[Result "0-1"]
[WhiteElo "2041"]
[BlackElo "2221"]
[PlyCount "40"]
[EventDate "2012.01.28"]
[EventType "swiss"]
[EventRounds "9"]
[EventCountry "RUS"]
[SourceTitle "CBM 146 Extra"]
[Source "ChessBase"]
[SourceDate "2012.02.29"]
[SourceVersion "1"]
[SourceVersionDate "2012.02.29"]
[SourceQuality "1"]

1. c4 e5 2. Nc3 Nc6 3. g3 Nf6 4. Bg2 Bc5 5. e3 d5 6. Nxd5 Nxd5 7. cxd5 Nb4 8. Qb3 c6 9. dxc6 bxc6 10. Ne2 Ba6 11. Be4 Bd3 12. Bxd3 Nxd3+ 13. Kf1 Rb8 14. Qc3 Qd5 15. Rg1 0-0 16. b3 Rfd8 17. Bb2 Qf3 18. Rg2 Bb4 19. Qc2 Nxb2 20. Qxb2 Rxd2 0-1

[Event "Moscow op (Women)"]
[Site "Moscow"]
[Date "2012.02.04"]
[Round "8"]
[White "Suslova, Alena"]
[Black "Sviridova, Vlada"]
[Result "1/2-1/2"]
[WhiteElo "2221"]
[BlackElo "2070"]
[PlyCount "61"]
[EventDate "2012.01.28"]
[EventType "swiss"]
[EventRounds "9"]
[EventCountry "RUS"]
[SourceTitle "CBM 146 Extra"]
[Source "ChessBase"]
[SourceDate "2012.02.29"]
[SourceVersion "1"]
[SourceVersionDate "2012.02.29"]
[SourceQuality "1"]

1. c4 c6 2. e4 d5 3. exd5 cxd5 4. cxd5 Qxd5 5. Nc3 Qd8 6. d4 Nf6 7. d5 g6 8. Bf4 Bg7 9. Be2 0-0 10. Nf3 a6 11. a4 e6 12. dxe6 Bxe6 13. Qxd8 Rxd8 14. Ng5 Nd5 15. Nxe6 fxe6 16. Bd2 Nb4 17. 0-0-0 N8c6 18. Bg5 Rf8 19. Bc4 Rxf2 20. Bxe6+ Kh8 21. Rd2 Rxd2 22. Kxd2 h6 23. Bh4 g5 24. Bg3 Rd8+ 25. Kc1 Nd4 26. Bg4 Nb3+ 27. Kb1 Nd2+ 28. Kc1 Nb3+ 29. Kb1 Nd2+ 30. Kc1 Nb3+ 31. Kb1 1/2-1/2

[Event "Moscow op (Women)"]
[Site "Moscow"]
[Date "2012.02.03"]
[Round "7"]
[White "Suslova, Alena"]
[Black "Blokhina, Elvira"]
[Result "1-0"]
[WhiteElo "2221"]
[BlackElo "2006"]
[PlyCount "53"]
[EventDate "2012.01.28"]
[EventType "swiss"]
[EventRounds "9"]
[EventCountry "RUS"]
[SourceTitle "CBM 146 Extra"]
[Source "ChessBase"]
[SourceDate "2012.02.29"]
[SourceVersion "1"]
[SourceVersionDate "2012.02.29"]
[SourceQuality "1"]

1. c4 e6 2. Nf3 Nf6 3. g3 d5 4. Bg2 c6 5. b3 Be7 6. 0-0 0-0 7. Bb2 Nbd7 8. Qc2 Bd6 9. d4 Re8 10. Nbd2 e5 11. cxd5 Nxd5 12. Nc4 Nb4 13. Qd2 Bf8 14. dxe5 Re6 15. Rfd1 Nd5 16. e4 Bb4 17. exd5 Bxd2 18. dxe6 fxe6 19. Rxd2 Qe7 20. Ba3 c5 21. Rad1 b5 22. Nd6 Ba6 23. Nf5 exf5 24. Rxd7 Qe8 25. Bxc5 b4 26. Ng5 Rc8 27. Bd5+ 1-0

[Event "Moscow op (Women)"]
[Site "Moscow"]
[Date "2012.02.02"]
[Round "6"]
[White "Kisteneva, Elizaveta"]
[Black "Suslova, Alena"]
[Result "1/2-1/2"]
[WhiteElo "1989"]
[BlackElo "2221"]
[PlyCount "51"]
[EventDate "2012.01.28"]
[EventType "swiss"]
[EventRounds "9"]
[EventCountry "RUS"]
[SourceTitle "CBM 146 Extra"]
[Source "ChessBase"]
[SourceDate "2012.02.29"]
[SourceVersion "1"]
[SourceVersionDate "2012.02.29"]
[SourceQuality "1"]

1. e4 d5 2. exd5 Nf6 3. Nf3 Nxd5 4. d4 g6 5. Be2 Bg7 6. 0-0 0-0 7. c3 Nd7 8. Re1 c6 9. Bg5 h6 10. Bh4 g5 11. Bg3 f5 12. h3 f4 13. Bh2 e5 14. dxe5 Nxe5 15. Nxe5 Bxe5 16. Bc4 Bg7 17. Na3 Kh8 18. Bxd5 cxd5 19. Nb5 a6 20. Nd4 Qb6 21. Qd2 Bf5 22. Rad1 Bxd4 23. Qxd4+ Qxd4 24. Rxd4 Rae8 25. Rxe8 Rxe8 26. f3 1/2-1/2

[Event "Moscow op (Women)"]
[Site "Moscow"]
[Date "2012.02.01"]
[Round "5"]
[White "Suslova, Alena"]
[Black "Paramzina, Anastasya"]
[Result "1-0"]
[WhiteElo "2221"]
[BlackElo "1902"]
[PlyCount "53"]
[EventDate "2012.01.28"]
[EventType "swiss"]
[EventRounds "9"]
[EventCountry "RUS"]
[SourceTitle "CBM 146 Extra"]
[Source "ChessBase"]
[SourceDate "2012.02.29"]
[SourceVersion "1"]
[SourceVersionDate "2012.02.29"]
[SourceQuality "1"]

1. c4 e6 2. Nf3 Nf6 3. g3 d5 4. Bg2 Be7 5. 0-0 0-0 6. d4 dxc4 7. Ne5 Nc6 8. Nxc6 bxc6 9. Bxc6 Rb8 10. Bf3 c5 11. dxc5 Bxc5 12. Qc2 Ba6 13. Bf4 Rc8 14. Nc3 Qe7 15. Rfd1 h6 16. Na4 e5 17. Nxc5 Qxc5 18. Be3 Qa5 19. Rd6 Ne8 20. Rd5 Qb4 21. Rxe5 Nf6 22. Bxa7 c3 23. bxc3 Rxc3 24. Qd2 Rfc8 25. Be3 Qb8 26. Ra5 Rc2 27. Qd1 1-0

[Event "Moscow op (Women)"]
[Site "Moscow"]
[Date "2012.01.30"]
[Round "3"]
[White "Alieva, Alexandra"]
[Black "Suslova, Alena"]
[Result "1/2-1/2"]
[WhiteElo "1902"]
[BlackElo "2221"]
[PlyCount "99"]
[EventDate "2012.01.28"]
[EventType "swiss"]
[EventRounds "9"]
[EventCountry "RUS"]
[SourceTitle "CBM 146 Extra"]
[Source "ChessBase"]
[SourceDate "2012.02.29"]
[SourceVersion "1"]
[SourceVersionDate "2012.02.29"]
[SourceQuality "1"]

1. e4 d5 2. exd5 Nf6 3. c4 c6 4. d4 cxd5 5. Nc3 e6 6. Nf3 Be7 7. cxd5 Nxd5 8. Bc4 Nxc3 9. bxc3 Qc7 10. Qe2 0-0 11. 0-0 Nc6 12. Bd2 Re8 13. Qe4 g6 14. Bf4 Qa5 15. d5 exd5 16. Bxd5 Bd7 17. Qc4 Kg7 18. Bxf7 Rf8 19. Bd5 Rxf4 20. Qxf4 Qxd5 21. Rad1 Qf5 22. Qc7 Be8 23. Rfe1 Qf7 24. Qxb7 Rb8 25. Qa6 Bf6 26. Re3 Rb2 27. Qc8 Ne7 28. Qc5 Ba4 29. Rde1 Nd5 30. Qa3 Qb7 31. Qxa4 Nxe3 32. fxe3 Bxc3 33. Rd1 Rb1 34. Qc2 Rxd1+ 35. Qxd1 Bf6 36. Qd3 a5 37. Nd4 Qb2 38. Ne6+ Kh6 39. Qf1 g5 40. h4 gxh4 41. Qf4+ Kg6 42. Nd4 Bxd4 43. exd4 Qxa2 44. Qg4+ Kf7 45. Qf5+ Ke8 46. d5 Qc4 47. Qe5+ Kd8 48. d6 Qc1+ 49. Kh2 Qc6 50. Qxa5+ 1/2-1/2

[Event "Kostroma Volga Cup op"]
[Site "Kostroma"]
[Date "2011.07.11"]
[Round "9"]
[White "Suslova, Alena"]
[Black "Gorbatenko, Kateryna"]
[Result "1-0"]
[WhiteElo "2217"]
[BlackElo "2144"]
[PlyCount "81"]
[EventDate "2011.07.04"]
[EventType "swiss"]
[EventRounds "10"]
[EventCountry "RUS"]
[SourceTitle "EXT 2012"]
[Source "ChessBase"]
[SourceDate "2011.11.24"]
[SourceVersion "1"]
[SourceVersionDate "2011.11.24"]
[SourceQuality "1"]

1. c4 c5 2. Nc3 Nc6 3. g3 g6 4. Bg2 Bg7 5. a3 a5 6. e3 e5 7. Nge2 Nge7 8. 0-0 0-0 9. Rb1 d6 10. d3 Be6 11. Nd5 Rb8 12. Nec3 f5 13. f4 Kh8 14. Bd2 Bf7 15. Qa4 Be8 16. Nb5 Nxd5 17. Bxd5 Ne7 18. Bg2 b6 19. b4 axb4 20. axb4 d5 21. bxc5 bxc5 22. Ba5 Qd7 23. Qc2 Bf7 24. Bc7 Rxb5 25. cxb5 Qxc7 26. b6 Qd6 27. Rb5 exf4 28. gxf4 Rb8 29. Rfb1 c4 30. dxc4 dxc4 31. b7 Qa3 32. Qc1 Qd3 33. Ra5 Qd8 34. Ra8 g5 35. Rxb8 Qxb8 36. Qa3 gxf4 37. Qxe7 fxe3 38. Qxf7 Be5 39. Qxc4 Bxh2+ 40. Kh1 Bc7 41. Qxc7 1-0

[Event "Kostroma Volga Cup op"]
[Site "Kostroma"]
[Date "2011.07.10"]
[Round "8"]
[White "Odnorozhenko, Evgenyi"]
[Black "Suslova, Alena"]
[Result "1/2-1/2"]
[WhiteElo "2307"]
[BlackElo "2217"]
[PlyCount "126"]
[EventDate "2011.07.04"]
[EventType "swiss"]
[EventRounds "10"]
[EventCountry "RUS"]
[SourceTitle "EXT 2012"]
[Source "ChessBase"]
[SourceDate "2011.11.24"]
[SourceVersion "1"]
[SourceVersionDate "2011.11.24"]
[SourceQuality "1"]

1. d4 Nf6 2. c4 g6 3. Nc3 Bg7 4. e4 d6 5. Nf3 0-0 6. Be2 c5 7. d5 e5 8. Bg5 h6 9. Bh4 g5 10. Bg3 Nh5 11. Nd2 Nf4 12. 0-0 Nxe2+ 13. Qxe2 f5 14. exf5 Bxf5 15. Nde4 Qe7 16. Rab1 Nd7 17. b4 Rac8 18. a3 b6 19. f3 Nf6 20. bxc5 dxc5 21. Nxf6+ Qxf6 22. Rbd1 Qg6 23. h3 h5 24. Rfe1 g4 25. fxg4 hxg4 26. h4 e4 27. Nb5 a6 28. Nd6 Bd4+ 29. Kh1 e3 30. Nxc8 Rxc8 31. Rf1 Bc2 32. Rf4 Bxd1 33. Qxd1 Rf8 34. Rxg4 Rf1+ 35. Kh2 Rxd1 36. Rxg6+ Kf7 37. Rxb6 a5 38. h5 Ra1 39. h6 Rxa3 40. h7 Rd3 41. Rb8 e2 42. Be1 a4 43. h8Q Bxh8 44. Rxh8 Rd1 45. Bf2 e1Q 46. Bxe1 Rxe1 47. Ra8 Ra1 48. Ra5 a3 49. Rxc5 Rc1 50. Ra5 Rxc4 51. Rxa3 Rd4 52. Ra7+ Kf6 53. Ra6+ Kf5 54. d6 Kg4 55. Kg1 Kf4 56. Kf2 Rd2+ 57. Ke1 Rxg2 58. d7 Rg8 59. Rf6+ Ke5 60. Rf7 Ke6 61. Rg7 Rd8 62. Ke2 Rxd7 63. Rxd7 Kxd7 1/2-1/2

[Event "Kostroma Volga Cup op"]
[Site "Kostroma"]
[Date "2011.07.09"]
[Round "7"]
[White "Suslova, Alena"]
[Black "Shkalov, Oleg"]
[Result "1/2-1/2"]
[WhiteElo "2217"]
[BlackElo "2233"]
[PlyCount "82"]
[EventDate "2011.07.04"]
[EventType "swiss"]
[EventRounds "10"]
[EventCountry "RUS"]
[SourceTitle "EXT 2012"]
[Source "ChessBase"]
[SourceDate "2011.11.24"]
[SourceVersion "1"]
[SourceVersionDate "2011.11.24"]
[SourceQuality "1"]

1. c4 e5 2. Nc3 Nc6 3. g3 Nf6 4. Bg2 Be7 5. e3 0-0 6. Nge2 Re8 7. 0-0 Bf8 8. d4 d6 9. b3 Bd7 10. h3 Qc8 11. Kh2 Ne7 12. f4 exf4 13. exf4 Nf5 14. Qd3 h5 15. d5 g6 16. Bd2 Bg7 17. Rae1 Re7 18. Ng1 Qf8 19. Rxe7 Nxe7 20. Nf3 a6 21. Ng5 Bf5 22. Nce4 Re8 23. Re1 Kh8 24. Bc3 Neg8 25. Kg1 Re7 26. Qd2 Nxe4 27. Nxe4 Bxc3 28. Qxc3+ Qg7 29. Qxg7+ Kxg7 30. Kf2 Bxe4 31. Rxe4 Kf6 32. Rxe7 Nxe7 33. Be4 a5 34. Kf3 Nc8 35. Bc2 Ne7 36. Be4 Ng8 37. Bc2 Nh6 38. g4 hxg4+ 39. hxg4 g5 40. Bh7 gxf4 41. Kxf4 Kg7 1/2-1/2

[Event "Kostroma Volga Cup op"]
[Site "Kostroma"]
[Date "2011.07.08"]
[Round "6"]
[White "Lavretzkij, Roman"]
[Black "Suslova, Alena"]
[Result "0-1"]
[WhiteElo "2272"]
[BlackElo "2217"]
[PlyCount "110"]
[EventDate "2011.07.04"]
[EventType "swiss"]
[EventRounds "10"]
[EventCountry "RUS"]
[SourceTitle "EXT 2012"]
[Source "ChessBase"]
[SourceDate "2011.11.24"]
[SourceVersion "1"]
[SourceVersionDate "2011.11.24"]
[SourceQuality "1"]

1. d4 Nf6 2. g3 g6 3. Bg2 Bg7 4. e4 d6 5. Nc3 0-0 6. Nge2 e5 7. h3 Nc6 8. Be3 Bd7 9. 0-0 Qc8 10. Kh2 Ne8 11. Qd2 exd4 12. Nxd4 Ne5 13. Nd5 Kh8 14. Bh6 c6 15. Bxg7+ Kxg7 16. Nf4 Qd8 17. Qc3 Qe7 18. Nfe2 c5 19. Nb3 Bb5 20. Rfe1 f6 21. Nf4 Nc7 22. Nd5 Qd7 23. f4 Nc6 24. Rad1 Nxd5 25. exd5 Nd8 26. Re3 Nf7 27. Nd2 Rae8 28. Ne4 Nh6 29. g4 Nxg4+ 30. hxg4 Qxg4 31. Rde1 Qxf4+ 32. Kg1 b6 33. Bh3 Re5 34. Be6 Rh5 35. Rg3 Rd8 36. Qe3 Qxe3+ 37. Rgxe3 Re5 38. Nc3 Bd7 39. Rxe5 dxe5 40. Bxd7 Rxd7 41. Rd1 f5 42. a4 Kf6 43. a5 e4 44. a6 g5 45. Nb5 f4 46. d6 e3 47. Kf1 f3 48. Rd3 e2+ 49. Ke1 g4 50. Nxa7 c4 51. Rd4 Kf5 52. Nc6 g3 53. Rd5+ Kf4 54. Nd4 g2 55. Ne6+ Ke4 0-1

[Event "Kostroma Volga Cup op"]
[Site "Kostroma"]
[Date "2011.07.06"]
[Round "4"]
[White "Lomako, Pavel"]
[Black "Suslova, Alena"]
[Result "1/2-1/2"]
[WhiteElo "2419"]
[BlackElo "2217"]
[PlyCount "58"]
[EventDate "2011.07.04"]
[EventType "swiss"]
[EventRounds "10"]
[EventCountry "RUS"]
[SourceTitle "EXT 2012"]
[Source "ChessBase"]
[SourceDate "2011.11.24"]
[SourceVersion "1"]
[SourceVersionDate "2011.11.24"]
[SourceQuality "1"]

1. c4 e5 2. Nc3 Nc6 3. g3 Nf6 4. Bg2 Bc5 5. d3 0-0 6. Nf3 d6 7. 0-0 a5 8. Nd5 Nxd5 9. cxd5 Ne7 10. d4 exd4 11. Nxd4 f5 12. e3 Bd7 13. b3 a4 14. Bb2 axb3 15. Qxb3 Bxd4 16. Bxd4 b6 17. Rfc1 Rf7 18. Qc3 Ra7 19. a4 Bxa4 20. Ra3 Qd7 21. Qb4 Ra8 22. Bf1 Nxd5 23. Qc4 Bc6 24. Rxa8+ Bxa8 25. Qa2 Bb7 26. Bg2 Nb4 27. Qa7 Bxg2 28. Qb8+ Rf8 29. Qxc7 Qxc7 1/2-1/2